|
|
|
|
| LEADER |
00000cam a2200000 i 4500 |
| 001 |
1/61546 |
| 008 |
960430s1971 gre d |
| 035 |
|
|
|l 10028914
|
| 040 |
|
|
|a GR-MY-UA
|b gre
|e aacr
|
| 041 |
0 |
|
|a gre
|
| 082 |
0 |
|
|a 338.4791
|
| 100 |
1 |
|
|a Λογοθέτης, Μιλτιάδης Ι.
|
| 245 |
1 |
0 |
|a Προσδιοριστικοί παράγοντες της τουριστικής προσφοράς και ζητήσεως
|
| 260 |
|
|
|a Αθήναι :
|c 1971
|
| 300 |
|
|
|a 154 σ.
|
| 650 |
0 |
0 |
|a Tourism.
|
| 852 |
|
|
|a INST
|b CHIOS
|e 19960430
|h 338.4791 ΛΟΓ
|p 005200005221
|q 005200005221
|t BK
|y 0
|
| 852 |
|
|
|a INST
|b CHIOS
|e 20040129
|h 338.4791 ΛΟΓ
|p 005200012751
|q 005200012751
|t BK
|y 0
|
| 852 |
|
|
|a INST
|b CHIOS
|e 19960515
|h 338.4791 ΛΟΓ
|p 005200029526
|q 005200029526
|t BK
|y 0
|
| 901 |
|
|
|a BIBL2-2004-1
|
| 909 |
|
|
|a Χ
|b 010794
|
| 909 |
|
|
|a Χ
|b 107822
|
| 909 |
|
|
|a Χ
|b 043320
|